| 000 | 00502nam a22001577a 4500 | ||
|---|---|---|---|
| 082 |
_aT-166 _bCEM |
||
| 100 |
_aHashim Hanif _948561 |
||
| 245 | _aCauses and Impacts of Variation Orders in Construction of Hydropower Projects of Pakistan | ||
| 260 |
_aRisalpur Cantt _bMCE _cc2014 |
||
| 300 | _aP 103 | ||
| 526 |
_a0 _b0 _c0 _dT_166_CEM |
||
| 650 |
_aThesis _934811 |
||
| 700 |
_aConstruction Engineering and Management _948562 |
||
| 700 |
_aDr. Muhammad Bilal Khurshid, Lt Col _948333 |
||
| 942 |
_2ddc _cBK |
||
| 999 |
_c551454 _d551454 |
||